<?xml version="1.0" encoding="UTF-8"?>
<collection xmlns="http://www.loc.gov/MARC21/slim">
  <record>
    <leader>00000nam  2200000   4500</leader>
    <controlfield tag="001">INLIS000000000018650</controlfield>
    <controlfield tag="005">20241204084758</controlfield>
    <datafield tag="035" ind1="#" ind2="#">
      <subfield code="a">0010-1224000021</subfield>
    </datafield>
    <controlfield tag="007">ta</controlfield>
    <controlfield tag="008">241204###########################0######</controlfield>
    <datafield tag="245" ind1="#" ind2="#">
      <subfield code="a">OKEI QAWAN UHO :</subfield>
      <subfield code="b">Optimalisasi Kecakapan Berbahasa Inggris (English Proficiency) /</subfield>
      <subfield code="c">Fardan Rezkiawan Faida, S.Pd.,M.A</subfield>
    </datafield>
    <datafield tag="260" ind1="#" ind2="#">
      <subfield code="a">Makassar :</subfield>
      <subfield code="b">Puslatbang KMP RI LAN Makassar,</subfield>
      <subfield code="c">2024</subfield>
    </datafield>
    <datafield tag="300" ind1="#" ind2="#">
      <subfield code="a">64 ;</subfield>
      <subfield code="c">30</subfield>
    </datafield>
    <datafield tag="650" ind1="#" ind2="4">
      <subfield code="a">Optimalisasi Kecakapan Berbahasa Inggris (English Proficiency) dengan menggunakan Quizizz pada mahasiswa program studi sastra inggris UHO</subfield>
    </datafield>
    <datafield tag="700" ind1=" " ind2="#">
      <subfield code="a">Dr. Rasiah, S.Pd., M.Hum (Mentor)</subfield>
    </datafield>
    <datafield tag="700" ind1=" " ind2="#">
      <subfield code="a">Maylitha Achmad, S.Psi., MBA (Coach)</subfield>
    </datafield>
    <datafield tag="520" ind1="#" ind2="#">
      <subfield code="a">Isu yang diangkat dalam aktualisas ini adalah belum optimalnya kecakapan berbahasa Inggris mahasiswa Prodi Sastra Inggris FIB Universitas Halu Oleo. Hal ini disebabkan karena masih banyaknya mahasiswa yang belum mencukupi nilai standar TOEFL yang menjadi syarat universitas untuk mengikuti ujian Skripsi. Meski ada mahasiswa yang telah mencapai nilai 500 ke atas untuk skor TOEFL, namun tidak sedikit juga mahasiswa yang mendapatkan nilai TOEFL di bawah 400. Oleh karena itu, yang menjadi gagasan terhadap isu di atas adalah "Optimalisasi Kecakapan Berbahasa Inggris (English Proficiency) dengan Menggunakan Quizizz pada Mahasiswa Program Studi Sastra Inggris UHO."</subfield>
    </datafield>
    <datafield tag="856" ind1="#" ind2="#">
      <subfield code="a">PUSLATBANG KMP LAN RI Makassar</subfield>
    </datafield>
  </record>
</collection>
